Stavební truhlářství : Tradice z pohledu dneška /
Salvato in:
| Autore principale: | |
|---|---|
| Natura: | Libro |
| Lingua: | ceco |
| Pubblicazione: |
Praha :
Grada Publishing,
2013
|
| Edizione: | 1. vydanie |
| Soggetti: | |
| Tags: |
Nessun Tag, puoi essere il primo ad aggiungerne!!
|
MARC
| LEADER | 00000nam a22000003a 4500 | ||
|---|---|---|---|
| 001 | 0022035 | ||
| 003 | SK-STU | ||
| 005 | 20170213091149.7 | ||
| 007 | ta | ||
| 008 | 170213s ----xo-----e------000-0-----d | ||
| 020 | |a 978-80-247-4721-7 | ||
| 040 | |a STU |b slo | ||
| 041 | 0 | |a cze | |
| 044 | |a xr | ||
| 100 | 1 | |a Dirlam, M. |4 aut |r Z6 | |
| 245 | 1 | 0 | |a Stavební truhlářství : |b Tradice z pohledu dneška / |c aut. M Dirlam |
| 250 | |a 1. vydanie | ||
| 260 | |a Praha : |b Grada Publishing, |c 2013 | ||
| 300 | |a 112 s. | ||
| 650 | 0 | 7 | |a stavebné stolárstvo |
| 650 | 0 | 7 | |a dvere |
| 650 | 0 | 7 | |a drevené okno |
| 650 | 0 | 7 | |a podlaha |
| 650 | 0 | 7 | |a schody |
| 650 | 0 | 7 | |a zábradlie |
| 650 | 0 | 7 | |a obloženie stien |
| 996 | |b 284AU06896 |c A* 10025/U |l AAKNST |s P |a 0 |w 0022035_0001 | ||